000 00308nam a22001337a 4500
008 171011b xxu||||| |||| 00| 0 eng d
020 _a2900131850513
041 _aeng
080 _26TH
_a316
100 _a50
101 _aSOC
245 _aCONTEMPORARY SOCIOLOGICAL THEORY
_cWALLACE,R.A
942 _2udc
_cBK
999 _c33112
_d33112